Top 50 Weakest Militaries - Statistics

General Stats
  • This quiz has been taken 412 times
  • The average score is 21 of 50
Answer Stats
PwrIndx Country % Correct
78.6623 Iceland
61%
35.8958 Bhutan
60%
13.9136 Kosovo
57%
11.8854 Somalia
55%
2.5998 Niger
51%
3.4016 Nepal
50%
4.7216 Panama
49%
5.0255 Montenegro
47%
5.2184 Central African Republic
46%
3.3736 Dominican Republic
46%
2.3829 Mali
46%
3.0023 Albania
45%
2.5072 South Sudan
45%
2.2515 Moldova
44%
4.0288 Bosnia and Herzegovina
43%
4.2150 El Salvador
43%
4.1541 Eritrea
43%
3.6906 Laos
43%
2.2758 Latvia
43%
5.7275 North Macedonia
43%
3.1759 Congo
42%
2.6973 Estonia
42%
7.4234 Suriname
42%
8.5213 Liberia
41%
7.5206 Sierra Leone
41%
4.7871 Gabon
40%
4.3067 Mauritania
40%
2.4518 Mongolia
40%
3.7337 Nicaragua
40%
2.3944 Cambodia
39%
4.4489 Luxembourg
39%
2.7163 Tajikistan
39%
2.2436 Uganda
39%
4.4351 Madagascar
38%
2.6558 Honduras
37%
4.3496 Namibia
37%
4.7214 Burkina Faso
36%
2.3098 Ghana
36%
2.8681 Lebanon
36%
3.1746 Mozambique
36%
2.3169 Armenia
35%
2.6008 Botswana
35%
2.2498 Zimbabwe
35%
3.3636 Afghanistan
34%
2.3147 Ireland
32%
2.8437 Tanzania
32%
2.6527 Paraguay
31%
2.3269 Bahrain
30%
2.7392 Ivory Coast
29%
2.5571 Cameroon
28%
No matching quizzes found
Score Distribution
Percent of People with Each Score
Percentile by Number Answered
Your Score History
You have not taken this quiz